Gestô dos afastamentos e dos benefc̕ios previdencir̀ios

Bibliographic Details
Main Author: Vianna da Costa, Anderson Angelo
Format: eBook
Language:Portuguese
Published: San Pablo: LTR, 2017
Subjects:
Online Access:Acceso restringido

MARC

LEADER 00000nam a22000007a 4500
005 20180414224225.0
007 cr|||| ||||
008 180414s2017 br |||||s|||| 00||0 por d
020 |a 978-85-361-9426-4 
035 |a 21358 
040 |a vLex 
090 |c 7762  |d 7762 
100 1 |a Vianna da Costa, Anderson Angelo 
245 1 0 |a Gestô dos afastamentos e dos benefc̕ios previdencir̀ios  |h [Recurso electrn̤ico] /  |c Anderson Angelo Vianna da Costa 
256 |a Servicio en ln̕ea 
260 |a San Pablo:  |b LTR,  |c 2017 
300 |a 1 recurso electrn̤ico 
500 |a Inicialmente, concebida para auxiliar os gestores de sad︢e ocupacional, seguranȧ do trabalho e de recursos humanos, essa obra discute conceitos e aspectos importantes que devem ser observados quando se trata de afastamentos por incapacidade e benefc̕ios previdencir̀ios, destacando suas implicaė̳s e consequn̊cias para as empresas. A partir da anl̀ise de casos concretos demandados por suas empresas clientes e, tambm̌, do repertr̤io jurisprudencial trabalhista, o autor apresenta sua visô e experin̊cia previdencir̀ia sobre vr̀ios pontos, justificando suas sugeste̳s de condutas e procedimentos em cada caso. Com abordagem extremamente prt̀ica, expe̳ temas do cotidiano que afligem todas as empresas, como atestados mďicos, afastamentos previdencir̀ios, emissô de CAT, exames mďicos, limbo previdencir̀io, reintegraȯ̂, FAP, SAT, aė̳s regressivas e reabilitaȯ̂ profissional. 
506 1 |a Disponible solo en los productos indicados  |d vLex Global  |d vLex Global (Academic Edition, excluding Law Schools)  |d vLex Global (U.S. Academic Edition, Law Schools)  |d vLex Global (U.S. Academic Edition, excluding Law Schools)  |d vLex Global (Academic Edition, Law Schools) 
650 0 4 |a Derecho Laboral y Seguridad Social  |z Brasil 
650 0 4 |a Seguridad Social  |z Brasil 
740 0 |a vLex Libros (Servicio en ln̕ea) 
856 4 0 |u http://vlex.com/source/gest-o-dos-afastamentos-e-dos-beneficios-previdenciarios-21358  |z Acceso restringido 
942 |c BOOK 
999 0 |a Labor Law and Social Security 
999 0 |a Social Security